Cognitive Disability Aesthetics (Record no. 92382)
[ view plain ]
| 000 -LEADER | |
|---|---|
| fixed length control field | 01800nam a2200253Ii 4500 |
| 008 - FIXED-LENGTH DATA ELEMENTS--GENERAL INFORMATION | |
| fixed length control field | 221202s xx 000 0 und d |
| 100 1# - MAIN ENTRY--PERSONAL NAME | |
| Personal name | Fraser, Benjamin, |
| Relator term | author |
| 245 #0 - TITLE STATEMENT | |
| Title | Cognitive Disability Aesthetics |
| 246 ## - VARYING FORM OF TITLE | |
| Title proper/short title | Visual Culture, Disability Representations, and the (In)Visibility of Cognitive Difference |
| 264 ## - PRODUCTION, PUBLICATION, DISTRIBUTION, MANUFACTURE, AND COPYRIGHT NOTICE | |
| Name of producer, publisher, distributor, manufacturer | University of Toronto Press |
| Date of production, publication, distribution, manufacture, or copyright notice | 2018 |
| 300 ## - PHYSICAL DESCRIPTION | |
| Extent | 1 online resource |
| 336 ## - CONTENT TYPE | |
| Content type term | text |
| Content type code | txt |
| Source | rdacontent |
| 337 ## - MEDIA TYPE | |
| Media type term | computer |
| Media type code | c |
| Source | rdamedia |
| 338 ## - CARRIER TYPE | |
| Carrier type term | online resource |
| Carrier type code | cr |
| Source | rdacarrier |
| 490 ## - SERIES STATEMENT | |
| Series statement | Toronto Iberic |
| 520 ## - SUMMARY, ETC. | |
| Summary, etc. | Cognitive Disability Aesthetics explores the invisibility of cognitive disability in theoretical, historical, social, and cultural contexts. Fraser's cutting edge research and analysis signals a second-wave in disability studies that prioritizes cognition. He expands upon previous research into physical disability representations and focuses on those disabilities that tend to be least visible in society (autism, Down syndrome, Alzheimer's disease, schizophrenia). Moving beyond established literary approaches analyzing prose representations of disability, the book explores how iconic and indexical modes of signification operate in visual texts. Cognitive Disability Aesthetics successfully reconfigures disability studies in the humanities and exposes the chasm that exists between Anglophone disability studies and disability studies in the Hispanic world. |
| 653 ## - INDEX TERM--UNCONTROLLED | |
| Uncontrolled term | Alzheimer'S Disease |
| 653 ## - INDEX TERM--UNCONTROLLED | |
| Uncontrolled term | Cognition |
| 653 ## - INDEX TERM--UNCONTROLLED | |
| Uncontrolled term | Disabilities Affecting Intellectual Abilities |
| 653 ## - INDEX TERM--UNCONTROLLED | |
| Uncontrolled term | Disability |
| 653 ## - INDEX TERM--UNCONTROLLED | |
| Uncontrolled term | Literature |
| 856 ## - ELECTRONIC LOCATION AND ACCESS | |
| Uniform Resource Identifier | <a href="https://docs.google.com/spreadsheets/d/1yKIrdCPDAG_9c22mwoOIO2DOhtj65Wqa/edit?usp=sharing&ouid=106555315294820607512&rtpof=true&sd=true ">https://docs.google.com/spreadsheets/d/1yKIrdCPDAG_9c22mwoOIO2DOhtj65Wqa/edit?usp=sharing&ouid=106555315294820607512&rtpof=true&sd=true </a> |
| Link text | List of Curated E-Books |
| 942 ## - ADDED ENTRY ELEMENTS (KOHA) | |
| Koha item type | E-Book |
No items available.